000 004530000a22001810004500
003 MACL
005 20160113131156.0
008 160113b xxu||||| |||| 00| 0 eng d
040 _aMACL
_cMACL
041 _aEnglish
082 _a973.7/CHU
100 _aChurchill, Winston S
_921314
245 _aThe American civil War
260 _bCassell And Company Ltd
_c1961
_aLondon
350 _a12
650 _aHistory
_931747
942 _cBK
_k973.7/CHU
_2ddc
999 _c35979
_d35979